Hardware microinformático : viaje a las profundidades del PC (Registro nro. 12517)

Detalles MARC
000 -LÍDER
fixed length control field 00496nam a2200157 4500
008 - ELEMENTOS DE LONGITUD FIJA -- INFORMACIÓN GENERAL
fixed length control field 0 2001 0a 000 0MEX
020 ## - NÚMERO INTERNACIONAL NORMALIZADO PARA LIBROS
ISBN 970-15-0599-9
050 ## - SIGNATURA TOPOGRAFICA DE LA BIBLIOTECA DEL CONGRESO (LC)
Número de Clasificación TK7885 7 M37 2001
082 ## - NUMERO DE CLASIFICACION DECIMAL DEWEY
Número de Clasificación 621.381.953 M379h
100 ## - ASIENTO PRINCIPAL--NOMBRE PERSONAL
Nombre personal Martín Martín-Pozuelo, José María
245 ## - TÍTULO
Título Hardware microinformático : viaje a las profundidades del PC
260 ## - PUBLICACIÓN, DISTRIBUCIÓN, ETC. (PIE DE IMPRENTA)
Lugar de publicación, distribución, etc. México : Alfaomega
300 ## - DESCRIPCIÓN FÍSICA
Extensión xxiv, 431 p. / 23 cm.
500 ## - NOTA GENERAL
Nota general Incluye ap‚ndice
650 ## - ASIENTO SECUNDARIO DE MATERIA - TERMINO TEMÁTICO
Término temático o nombre geográfico como elemento de entrada 1.HARDWARE DE COMPUTADORAS
Existencias
No. biblioteca No. biblioteca Número de clasificación Código de barras/Número de adquisición Número de copia Tipo de material
LUIS G. INCLAN LUIS G. INCLAN 621.381.953 M379h 38556 1 Libros
LUIS G. INCLAN LUIS G. INCLAN 621.381.953 M379h 38557 2 Libros
LUIS G. INCLAN LUIS G. INCLAN 621.381.953 M379h 38558 3 Libros
LUIS G. INCLAN LUIS G. INCLAN 621.381.953 M379h 41078 4 Libros
LUIS G. INCLAN LUIS G. INCLAN 621.381.953 M379h 41079 5 Libros
LUIS G. INCLAN LUIS G. INCLAN 621.381.953 M379h 41080 6 Libros
LUIS G. INCLAN LUIS G. INCLAN 621.381.953 M379h 42264 7 Libros
LUIS G. INCLAN LUIS G. INCLAN 621.381.953 M379h 43916 8 Libros
LUIS G. INCLAN LUIS G. INCLAN 621.381.953 M379h 43917 9 Libros
LUIS G. INCLAN LUIS G. INCLAN 621.381.953 M379h 43918 10 Libros
LUIS G. INCLAN LUIS G. INCLAN 621.381.953 M379h 43919 11 Libros
Calzada Tecnológico # 27, Zacatepec, Morelos.
01(734) 343-07-23 / 343-21-10 / 343-21-11
Apdo. Postal 45 C.P 62780